000 01820nam2a22004331 4500
001 v19\rc\1700815
005 20250630115337.0
035 _a(NLR Aleph) 004802762
090 _a4846351
_c4846351
100 _a20061002d1900 |||y0rusy50 ca
101 0 _arus
102 _aRU
105 _ag z |||||
200 0 _aТ. 1
210 _d1900
215 _a[2], LVIII, 835 с.
_cнот.
300 _aТом вышел в 2 вып., на тит. л. 1 вып. дата: 1898
461 0 _1001v19\rc\1700814
_12001#$aВеликорусс в своих песнях, обрядах, обычаях, верованиях, сказках, легендах и т. п.$eМатериалы, собр. и привед. в порядок П.В. Шейном.$vТ. 1
_1700#1$aШейн$bП.В.$f1826-1900$gПавел Васильевич
_94846343
_aШейн, П.В. (1826-1900)
_cСанкт-Петербург
_d1900
_nтип. Имп. Акад. наук
_oМатериалы, собр. и привед. в порядок П.В. Шейном. Т. 1-
_tВеликорусс в своих песнях, обрядах, обычаях, верованиях, сказках, легендах и т. п.
_vТ. 1
801 0 _aRU
_bNLR
_gpsbo
801 0 _aRU
_bRuMoRGB
_2psbo
801 1 _aRU
_bProSoft-M
_2rusmarc
852 _aNLR
_j20.102.6.30
852 _aNLR
_j132/4030
852 _aNLR
_bМф
_jК1/5468
852 _aNLR
_bМф
_jК1/1992
899 _aRuMoRGB
_jB 52/108
899 _aRuMoRGB
_jU 89/190
899 _aRuMoRGB
_jT 90/7
899 _aRuMoRGB
_jМК
899 _aRuMoRGB
_jФ 1-52/259
899 _aRuMoRGB
_jКл 35/33
899 _aRuMoRGB
_jФ 1-81/10130
899 _aБАН
899 _aНБ СПбГУ
899 _aГПИБ
899 _aНБ МГУ
942 _cBOOK
980 _aNB